[Event "FIDE World Cup"]
[Site "Khanty-Mansiysk"]
[Date "2005.11.27"]
[Round "1.1"]
[White "Iljushin, Alexei"]
[Black "Sasikiran, Krishnan"]
[Result "1/2-1/2"]
[WhiteElo "2546"]
[BlackElo "2663"]
[Annotator "Krasenkow,M"]
[PlyCount "125"]
[EventDate "2005.11.27"]
[EventType "k.o."]
[EventRounds "7"]
[EventCountry "RUS"]
[SourceTitle "CBM 111"]
[Source "ChessBase"]
[SourceDate "2006.04.04"]
[SourceVersion "1"]
[SourceVersionDate "2006.04.04"]
[SourceQuality "1"]

{[%mdl 4]} 1. d4 Nf6 2. c4 g6 3. Nc3 d5 4. Nf3 Bg7 5. Bf4 O-O 6. e3 c5 7. dxc5
Qa5 8. Rc1 dxc4 9. Bxc4 Qxc5 10. Bb3 Nc6 11. O-O Qa5 12. h3 Bf5 13. Qe2 Ne4 14.
Nd5 e5 15. Rxc6 {This variation became famous 20 years ago, after the great
Kasparov-Karpov match (1986).} bxc6 16. Ne7+ Kh8 17. Nxc6 Qb6 18. Ncxe5 Be6 19.
Bxe6 Qxe6 20. Qc2 {This is the main theoretical position. The material
correlation is roughly equal; the position is open so the question is: who
will seize the open files and invade the rival's camp.} f5 (20... Nf6 {is
another option, less active but more solid:} 21. Qa4 Nd5 22. Bg3 (22. Ng5 Qe7
23. Qd7 Qxd7 24. Nxd7 Nxf4 25. Nxf8 (25. exf4 Rfc8 $17) 25... Ne2+ 26. Kh1 Rb8
(26... Rxf8 $2 27. Re1) 27. Nd7 Rxb2 28. a4 Kg8 $44 {Ge.Grigore}) (22. Rd1 Nxf4
23. exf4 Qf5 24. g4 Qc8 25. Rd7 Kg8 26. Kg2 h6 27. b4 a6 28. Qb3 Qe8 29. Rc7
$13 {0-1 Vanderven,T-Van der Mark,N/IECC 2001/Telechess CBM 89 (38)}) 22... Kg8
(22... a5 23. Rd1 Nb6 24. Qb5 Kg8 25. Nc6 Nc4 26. Ng5 Qf6 27. Ne4 Qe6 28. Nc5
Qe8 29. Rd7 Ne5 30. Bxe5 Bxe5 31. Re7 $18 {1-0 Sinkovics,P-Zentgraf,A/Bayern
2002/EXT 2004 (49)}) (22... Nb6 23. Qa6 (23. Qa5 Nc4 24. Nxc4 Qxc4 25. b3 Qe6 {
1/2-1/2 Becker,M-Seger,R/Essen 2002/CBM 087 ext}) 23... Qd5 24. b3 Kg8 25. Rc1
Rfe8 26. e4 Qxe4 27. Nxf7 $1 Qe2 28. Qb7 Re7 29. Rc7 Rxc7 30. Qxc7 $16 {
1-0 Meins,G-Lagunow,A/Berlin 1993/TD (36)}) (22... f6 $5 23. Nd4 Qe8 (23... Qg8
24. Nec6 Nb6 25. Qa6 Qc4 26. Qa5 Qf7 27. b3 Rfc8 28. Qa6 Qd7 $13 {0-1
Eisenbeis,N-Naumann,A/Bad Woerishofen 1999/EXT 2002 (64)}) 24. Nec6 Ne7 25. Rc1
Nxc6 26. Rxc6 Rc8 27. b4 Rxc6 28. Qxc6 Qxc6 29. Nxc6 Rf7 30. b5 Bf8 31. a4 Bc5
{1/2-1/2 Grigore,G-Herrera,I/Linares 1999/CBM 068 ext (61)}) 23. Rd1 (23. Qa5
Nb6 24. b3 Nd7 25. Nc4 Nb6 26. Nd6 Rad8 27. Rd1 Nc8 28. Ng5 Qe7 29. Qc5 $13 {
1/2-1/2 Berkvens,J-Widmer,S/Zug 2005/CBM 108 ext (66)}) (23. Nd4 $5 Qe8 24.
Nec6 Bxd4 25. exd4 $14 Nb4 $2 26. d5 Nxd5 27. Bd6 Qe6 28. Bxf8 Kxf8 29. Rd1 $18
{1-0 Profit,B-Koster,R/IECC 2000/Telechess CBM 89 (32)}) 23... Nb6 (23... h6
24. Nd4 Qe8 25. Ndc6 Nb6 26. Qb3 Kh7 27. Rd6 $14 {1/2-1/2 Grigore,G-Lupulescu,
C/Iasi 2003 2003/Inf 88/[Grigore,Ge ] (34)}) 24. Qa6 Qc8 25. Qe2 Re8 26. b3 Qc3
27. Rd3 Qa1+ 28. Rd1 Qc3 $11 {1-0 Hillarp Persson,T-Borge,N/Gentofte 1999/CBM
073/[Ftacnik] (40)}) 21. Qa4 (21. Nc4 Rac8 22. b3 Nc3 (22... Rfd8 23. Nd4 Qd5
24. f3 Nd6 25. Bxd6 Rxd6 26. Qe2 Rd7 27. Nc2 Re8 $11 {1/2-1/2 Sinkovics,P-Edam,
M/Rommelshausen 2002/CBM 089 ext (55)}) (22... Qe7 23. h4 Rfd8 24. Rd1 Rxd1+
25. Qxd1 Rd8 26. Qc2 Rd5 27. Ng5 {1/2-1/2 Dannehr,J-Schimmel,B/FRG-chT qual
corr 1991/ (27)}) 23. Be5 Bxe5 24. Nfxe5 Ne4 25. Qb2 Kg8 26. Rd1 Rfd8 $11 {
1/2-1/2 Sinkovics,P-Vegh,E/Hungary 1998/EXT 2000 (54)}) (21. b3 $6 g5 22. Bh2
Rac8 23. Nc4 g4 24. hxg4 fxg4 25. Nfd2 Nc3 26. Nb1 Qf5 27. Qxf5 Ne2+ 28. Kh1
Rxf5 $36 {0-1 Levitt,J-Shirov,A/Birmingham 2005/EXT 2006 (46)}) 21... Qe8 {
Practice has also seen:} (21... Nc5 $5 22. Qb5 Rac8 23. Nd4 Qe8 24. Ndc6 Nd7
$11 25. Nf3 $4 a6 26. Qxa6 Nc5 $19 {1/2-1/2 Meins,G-Coenen,N/Groningen 1998/
EXT 2000 (41)}) (21... Rac8 $5 22. Qxa7 (22. Rd1 $2 g5 $1 23. Bh2 Rfd8 $36 {
Loetscher,R-Bagirov,R/Biel (open) 1999/Inf 76/[Bagirov,R]}) (22. Nd4 Qe8 $1 23.
Qxe8 (23. Nec6 g5 24. Bh2 f4 $17 {0-1 Kosyrev,V-Sakaev,K/chessassistantclub.
com INT 2004/CBM 104 ext (37)}) 23... Rfxe8 24. Nec6 Bxd4 25. Nxd4 Kg7 26. Rd1
g5 27. Bh2 (27. Nxf5+ Kg6 28. Nd6 gxf4 29. Nxc8 Rxc8 30. f3 Nf6 $15) 27... Kg6
$13 {Ftacnik}) 22... Ra8 23. Qb7 Qxa2 24. Nd4 Ra7 25. Qc6 Ra6 26. Qb7 Ra7 27.
Qc6 Ra6 28. Qb7 {1/2-1/2 Meins,G-Holzke,F/Germany 1999/GER-chT}) (21... g5 $5
22. Bh2 g4 (22... a5 23. b3 h6 24. Nd4 Qe8 25. Qxe8 Rfxe8 26. Nec6 Rac8 27. a3
Nd2 28. Rd1 Nxb3 29. Nxb3 Rxc6 30. Nxa5 Rc3 31. Nb7 Rxa3 {1/2-1/2 Gonzales,
J-Adianto,U/Kuala Lumpur 2005/CBM 108 ext (73)}) 23. hxg4 fxg4 24. Qxe4 gxf3
25. Qc4 Rae8 26. Qxe6 Rxe6 27. Nxf3 Ra6 28. Nd4 Bxd4 29. exd4 Rxa2 $13 {
0-1 Riazantsev,A-Eljanov,P/Biel 2004/CBM 101 ext (56)}) (21... Nd2 22. Rd1 (22.
Nxd2 $5 Bxe5 23. Bxe5+ Qxe5 24. Nc4 {Ftacnik}) 22... Nxf3+ 23. Nxf3 Bxb2 $2 (
23... Qb6 $1 24. b3 Rfd8 $13 {Ftacnik}) 24. Ng5 $1 Qg8 25. Rd7 Bg7 26. Qa5 $16
{1-0 Adianto,U-Nolte,R/Calcutta 2001/CBM 085/[Ftacnik] (54)}) {As you see, in
most of the lines the position remains balanced. The text move is rather
passive but Black keeps sufficient counterchances all the same.} 22. Qa5 Rb8
23. Nc4 Rb7 24. Be5 {The bishop exchange weakens the position of the black
king.} Qd8 25. Qa3 Re8 26. Bxg7+ Rxg7 27. Nd4 $6 {A serious inaccuracy.} (27.
Qa4 $13) 27... f4 $1 {Opening up the lines for the rooks.} 28. b3 $6 {And now
a tactical oversight. It was better for White to admit his mistake:} (28. Nf3
$15) 28... Nxf2 $1 {Complications starting with this move are favorable for
Black.} 29. Nd6 (29. Rxf2 $2 fxe3) (29. Nc6 Nxh3+ 30. gxh3 Qg5+ 31. Kh1 Qd5+
$19) 29... Nxh3+ $1 30. gxh3 Qg5+ 31. Kh1 Rxe3 32. Nf3 Qg3 33. Nc4 Qxh3+ 34.
Nh2 Re8 $17 {Black's kingside pawns must now decide the game in the long run.
However...} 35. Qb2 f3 (35... g5 $17 {was more consistent}) 36. Qd2 Qg2+ $2 {
Why?} (36... Rf7 {was quite possible. If} 37. Nd6 {then} Qg2+ 38. Qxg2 fxg2+
39. Kxg2 Re2+ {, winning the a2 pawn and then the endgame.}) 37. Qxg2 fxg2+ 38.
Kxg2 Re2+ 39. Rf2 {White now keeps his a2 pawn, which gives him drawing
chances.} Rge7 40. Nf3 Kg7 41. a4 h5 42. Nd4 $6 {Why not move the pawns?} (42.
b4 Rxf2+ (42... R2e4 $5 43. Nfd2) 43. Kxf2 Re4 44. Nfd2 Rg4 45. Kf3 $1 {
looks OK for White.}) 42... Rxf2+ 43. Kxf2 Kf6 44. a5 g5 45. Nc6 $6 {A crazy
idea but it was difficult to find a counterplan against Black's pawn advance
on the k-side.} Rc7 46. N4e5 $6 {Tying up his own knights!} ({But after, say,} 
46. Nd4 g4 47. Ke3 (47. Kg3 Rd7) 47... h4 48. Kf4 g3 49. Ne3 Rg7 50. Ng4+ Kg6 {
I don't see a draw for White.}) ({or} 46. Nb4 Ke6) 46... Ke6 47. b4 Kd5 $2 {
Allowing White to get rid of the queenside pawns, which leads to a draw.} (
47... a6 $1 {was correct:} 48. b5 axb5 49. a6 Rc8 $1 (49... b4 $2 50. a7 Rxa7
51. Nxa7 Kxe5 52. Nc6+ $11) 50. a7 Ra8 $19) 48. b5 Kc5 (48... a6 {was too late
now:} 49. b6 $1 Rxc6 50. Nxc6 Kxc6 $11) 49. b6 axb6 50. axb6 Rg7 (50... Rxc6
51. b7 $11) (50... Kxb6 51. Nd4) 51. Kf3 Kxb6 52. Nd4 {The white knights
easily stop Black's pawns on the same side.} Re7 53. Ke4 h4 54. Ndf3 h3 55. Nh2
Kc5 56. Kf5 Kd5 57. Nef3 Rf7+ 58. Kxg5 Ke4 59. Kg4 Rg7+ 60. Kxh3 Kf4 61. Ne1
Rg3+ 62. Kh4 Rg7 63. Kh3 1/2-1/2

[Event "EU-ch 9th"]
[Site "Plovdiv"]
[Date "2008.05.01"]
[Round "10"]
[White "Steingrimsson, Hedinn"]
[Black "Kritz, Leonid"]
[Result "0-1"]
[WhiteElo "2551"]
[BlackElo "2609"]
[Annotator "Kritz,L"]
[PlyCount "68"]
[EventDate "2008.04.21"]
[EventType "swiss"]
[EventRounds "11"]
[EventCountry "BUL"]
[SourceTitle "CBM 124"]
[Source "ChessBase"]
[SourceDate "2008.05.28"]
[SourceVersion "1"]
[SourceVersionDate "2008.05.28"]
[SourceQuality "1"]

1. d4 Nf6 2. c4 g6 3. Nc3 d5 {Zum ersten Mal im Leben spielte ich Grünfeld.
Ich bereitete mich auf das System 4.cxd5 und später Bc4-Ne2 vor, weil mein
Gegner das zuletzt gespielt hat. Doch Hedinn entschied sich für eine ruhigere
Abwicklung.} 4. Bf4 Bg7 5. e3 O-O {Genauer ist 5...c5, um das Endspiel nach 6.
cxd5 zu vermeiden.} (5... c5 6. dxc5 Qa5 7. Rc1 (7. Qa4+ Qxa4 8. Nxa4 Bd7 9.
Nc3 Ne4 10. Nxd5 Na6 $44) 7... dxc4 8. Bxc4 O-O $13 {Hier gibt es lange
theoretische Varianten, die zu komplizierten Stellungen führen.}) 6. Rc1 (6.
cxd5 $5 Nxd5 7. Nxd5 Qxd5 8. Bxc7 Na6 (8... Nc6 9. Ne2 Bg4 10. f3 Rac8 11. Nc3
Qe6 12. Bf4 $14 {Zwar hat Schwarz gewisse Kompensation, doch ich würde in
dieser Stellung die weißen Farben vertreten wollen.}) 9. Bxa6 Qxg2 10. Qf3 Qxf3
11. Nxf3 bxa6 12. Rc1 Bb7 13. Ke2 $14 {Das Endspiel ist vielleicht etwas
besser für Weiß, weil die schwarze Bauernstruktur am Damenflügel kompromitiert
ist und Weiß ein gutes Feld c5 für seine Figuren hat. Der schwarze
weißfeldrige Läufer hat seinerseits keine Angriffsobjekte.}) 6... c5 7. dxc5
Qa5 $6 (7... Be6 $1 {Das ist genauer als 7....Qa5} 8. Nf3 (8. cxd5 Nxd5 9. Nxd5
Bxd5 $44) 8... Nc6 9. Be2 Ne4 10. Nd4 Nxd4 11. exd4 Nxc3 12. bxc3 dxc4 13. Qa4
Bd5 $132 {Nikolic - Sokolov (Amsterdam, 1999)}) 8. Nf3 $6 (8. cxd5 {gibt Weiß
soliden Vorteil.} Ne4 9. Nge2 $14) {Nach dem weißen Partiezug entstand die
Hauptstellung der 4.Bf4-5.e3 Variante mit einer fehlerhaften Zugfolge. Mir war
klar, dass die Chancen, auf Gewinn zu spielen, nach 8....dxc4 9.Bxc4 sehr
gering gewesen wären. Weil ich doch mehr als einen halben Punkt wollte, habe
ich mich dafür entschieden, eine neue Idee auszuprobieren.} 8... Nbd7 $5 $146 (
8... dxc4 9. Bxc4 Qxc5 10. Bb3 Nc6 11. O-O {und die Stellung sieht sehr
remislich aus.}) (8... Ne4 $6 9. Be5 $14) 9. cxd5 (9. Qa4 $5 Qxc5 (9... Qxa4
10. Nxa4 dxc4 11. Bxc4 Ne4 12. Bb5 $16) 10. b4 (10. cxd5 $2 Nxd5 $15) 10... Qc6
(10... Qb6 11. Nxd5 Nxd5 12. cxd5 $16) 11. Qxc6 bxc6 12. cxd5 cxd5 13. Nb5 Ba6
$11 {Schwarz muss noch ein Paar genaue Züge machen, wird dann aber keine
Schwierigkeiten haben.}) (9. a3 $5 {Ein interessanter Vorschlag von GM Jan
Gustafsson.} Ne4 $1 ({die typische Reaktion} 9... dxc4 {führt zum Nachteil nach
} 10. Bxc4 Qxc5 11. Nb5 Qh5 12. Be2 $16 {Der Springer steht auf d7 schlecht,
Weiß hat eine sehr starke Initiative.}) 10. Qb3 (10. b4 Qxa3 11. Nxd5 (11. Nxe4
dxe4 12. Nd2 Qxb4 $17) 11... e6 12. Ne7+ Kh8 $17) (10. cxd5 Nxc3 11. bxc3 (11.
Qd2 Nxc5 $19) 11... Bxc3+ 12. Ke2 Nxc5 13. Qc2 Na4 14. Be5 Bxe5 15. Nxe5 Qxd5
$17) (10. Nd4 Nxc3 11. Rxc3 (11. bxc3 dxc4 $17) 11... e5 (11... dxc4 12. Bxc4
Nxc5 13. b4 Qa4 14. bxc5 Qxd1+ 15. Kxd1 e5 16. Bxe5 Bxe5 17. Kc2 $14) 12. Nb3
Qd8 13. Bg3 d4 14. Rc2 (14. exd4 exd4 15. Nxd4 Nxc5 $17) 14... f5 $17) 10...
Nxc3 11. bxc3 e5 12. Bg3 dxc4 (12... Nxc5 13. Qb4 Qc7 14. cxd5 $14) 13. Bxc4 (
13. Qb4 Qc7 14. Bxc4 Nxc5 $15) 13... Nxc5 14. Qb4 Qc7 $15) 9... Ne4 {Es ist
offensichtlich, dass Schwarz mindestens einen Bauern zurückgewinnen wird, und
für den zweiten wird er im weißen Lager einige Schwächen kreieren, die später
Angriffsziele der schwarzen Figuren werden.} 10. Nd4 (10. Be2 Nxc3 11. bxc3
Bxc3+ 12. Kf1 Nxc5 13. Qc2 Na4 $11) (10. Qc2 Nxc3 11. bxc3 Nxc5 12. e4 (12. Nd4
Bxd4 13. exd4 Bf5 14. Qd1 (14. Qd2 Ne4 15. Qb2 Rac8 $15) (14. Qb2 Nd3+ 15. Bxd3
Bxd3 $132) 14... Ne4 15. Qb3 Rac8 16. Bc4 Nd6 17. Bxd6 exd6 18. O-O Rc7 19. Be2
Re8 20. Bf3 Bd3 21. Rfd1 Bb5 $44 {Das ist eine gute Beispielstellung für die
schwarzen Absichten: er hat einen Bauer weniger, dafür jedoch einen klaren
Plan und zwei offensichtliche Schwächen im weißen Lager - die Bauern c3 und a2.
}) 12... Bd7 13. Nd2 Na4 14. Nc4 Qxc3+ 15. Qxc3 Bxc3+ $132 {Wiederum hat
Schwarz keine Probleme.}) 10... Nxc3 $1 {Es ist sehr wichtig, zuerst auf c3
und erst dann auf c5 zu nehmen, um das Schlagen auf c3 mit dem Bauern zu
erzwingen. Andersherum kommt Weiß in Vorteil.} (10... Ndxc5 11. Qc2 $1 e5 $5 {
Wenn Schwarz nichts dynamisches unternimmt, wird er mit einem Minusbauer davon
kommen.} (11... Nxc3 12. Qxc3 Qxc3+ 13. Rxc3 Na4 14. Rc7 Nxb2 15. Rxe7 $16) (
11... Bf5 12. Nxf5 gxf5 13. f3 Nxc3 14. bxc3 Rad8 (14... Na4 15. Qxf5 Nxc3 16.
Bd3 $18) 15. Bc4 b5 16. Bb3 Nxb3 17. Qxb3 Rc8 18. O-O Rxc3 19. Rxc3 Bxc3 20.
Qc2 $14) 12. dxe6 fxe6 13. Bg3 $14 {Ich glaube nicht, dass Schwarz hier genug
Kompensation hat.}) 11. bxc3 (11. Rxc3 Nxc5 $15 {und es stellt sich heraus,
dass es gegen Ne4 oder Na4 keine Verteidigung gibt, so dass Weiß eine Qualität
geben muss.}) 11... Nxc5 {Ich wollte während der Partie die traditionellen
Linien beachten und keine Zeit für die Eroberung der Randbauern verlieren.
Doch auch 11....Qxa2 verspricht Schwarz sehr gutes Spiel.} (11... Qxa2 $5 {
verdient ebenfalls Beachtung.} 12. Qb3 (12. Nb3 Qa3 13. c6 bxc6 14. dxc6 Nc5
$11) (12. c4 Qa5+ 13. Qd2 Qxd2+ 14. Kxd2 Nxc5 15. Ke1 e5 16. dxe6 Nxe6 $15)
12... Qxb3 (12... Qa5 13. c6 Nc5 14. Qb4 $18) 13. Nxb3 a5 $1 {Ganz unerwartet
wird der a-Bauer sehr stark.} 14. c6 (14. Kd2 a4 15. Ra1 Nf6 $17) 14... Nb6 15.
cxb7 Bxb7 16. e4 a4 17. Nc5 a3 $3 $44 {Auch hier hat Schwarz genügende
Kompensation und steht keinesfalls schlechter.}) 12. Bc4 (12. Qc2 Bxd4 $1 {
Wie man sieht, hat Schwarz eine Menge an Überaschungszügen in der Hand.} 13.
exd4 Bf5 14. Qd1 (14. Qb2 Nd3+ 15. Bxd3 Bxd3 16. f3 Qxd5 17. Kf2 $11) (14. Qd2
Ne4 15. Qb2 Rac8 $15) 14... Ne4 15. Qb3 Rac8 16. Bc4 Nd6 17. Bxd6 exd6 18. O-O
Rc7 19. Be2 Re8 20. Bf3 b5 $44) (12. Be2 Qxa2 13. Bf3 e5 (13... Qa6 {führt zum
Ausgleich} 14. Be2 Qa2 $11) 14. dxe6 Nxe6 $132) 12... Bd7 {Schwarz wählt die
"normale" Entwicklungsstrategie, um später Druck gegen die Bauern c3 und a2
auszuüben. Gut möglich, dass aktivere Versuche im Gewinnsinne besser waren.} (
12... e5 $5 13. dxe6 Bxe6 (13... Nxe6 14. O-O (14. Bg3 Nxd4 15. exd4 Re8+ 16.
Kf1 Be6 17. Bxe6 Rxe6 $44) 14... Nxf4 15. exf4 Qc7 16. Qb3 Qxf4 17. Rfe1 $14 {
Weiß behält die Initiative dank seinem Entwicklungsvorsprung. Schwarz hat auch
Probleme mit der Entwicklung des Läufers c8.}) 14. Nxe6 (14. Bxe6 Nxe6 15. Nxe6
Bxc3+ (15... fxe6 16. Qb3 Qa6 17. c4 Qa5+ 18. Ke2 Qh5+ 19. f3 e5 20. Bg3 $16)
16. Ke2 fxe6 17. Qb3 Qa6+ 18. Kf3 Be5 $132) 14... Nxe6 15. Bxe6 Bxc3+ 16. Ke2
fxe6 17. Qb3 Qa6+ 18. Kf3 Be5 $132 {Die Stellung bietet beiden Seiten
ausreichende Chancen.}) 13. O-O Rac8 14. Bb3 Nxb3 (14... b5 $5 {Vorschlag von
GM Evgeny Postny.} 15. c4 b4 16. Bg3 e5 17. dxe6 fxe6 $44 {Die schwarze
Kompensation basiert auf den aktiveren Positionen seiner Figuren. Der weiße
Läufer b3 hat wenig Perspektiven in dieser Stellung.}) 15. Qxb3 b5 16. e4 $6 {
Damit gibt Weiß die Initiative völlig in die Hände von Schwarz.} (16. c4 $5 {
Davor hatte ich am meisten Angst.} Rc5 $1 (16... Bxd4 $6 17. exd4 bxc4 18. Rxc4
Rxc4 19. Qxc4 Rc8 20. Qb3 $14 {Das Problem ist, dass Schwarz den Bauern nicht
sofort zurückgewinnen kann. Weiß wird bestimmt zu d6 kommen und damit wird der
schwarze König aufgrund der Schwäche der h6 UND f6 Felder in Gefahr geraten.})
17. cxb5 (17. Nxb5 Bxb5 18. cxb5 Rxb5 19. Bc7 (19. Qc2 Rxd5 $11) 19... Rxb3 20.
Bxa5 Rb5 21. Be1 Rxd5 22. Rc7 Rb8 23. Rxa7 Bf6 {Offensichtlich hat Schwarz
gute Kompensation für den Bauern.} 24. a4 Rb1 25. f4 Rdd1 26. Kf2 Rb2+ 27. Kf3
Rc1 28. Rd7 Ra2 29. a5 Rxa5 $11) 17... Bxd4 18. exd4 Rxb5 19. Bc7 (19. Qe3 Rxd5
20. Qxe7 Re8 21. Qh4 Bb5 $44) (19. Rc5 Rxc5 20. dxc5 Qxc5 $11) 19... Qd2 20.
Qa3 Rxd5 $11) 16... Rc4 17. f3 Rfc8 18. Ne2 {Wie man sieht, hat Schwarz
mindestens ausreichende Kompensation für den Bauern. Das Problem ist, dass es
sehr schwer ist, etwas mehr als den Rückgewinn des c3-Bauern zu erreichen. Da
ich kein Remis wollte, habe ich es versucht.} Qb6+ (18... Bxc3 {ist vielleicht
objektiv die stärkste Fortsetzung.} 19. Nxc3 Rxc3 20. Rxc3 Qxc3 21. Qxc3 Rxc3
22. Rc1 Rxc1+ 23. Bxc1 {und Remis...}) (18... Ra4 19. Rc2 Ra3 20. Qb1 (20. Qb2
$2 b4 $1 $19) 20... Bxc3 {wieder ist nicht zu sehen, wie man vorankommt} 21.
Nxc3 Raxc3 22. Rxc3 Rxc3 $11) 19. Kh1 e6 $5 {Schwarz versucht, das Spiel zu
verschärfen, Weiß seinerseits versucht, den Bauern c3 loszuwerden, um die
Stellung zu vereinfachen.} 20. Rcd1 a5 (20... Bxc3 21. Nxc3 Rxc3 22. Qb1 Rc2
23. Rc1 $11) 21. Rd2 h6 22. h3 Qa6 23. Rfd1 g5 24. Bh2 $2 {Es ist
offensichtlich, dass der Läufer auf h2 den eigenen König stören wird, sobald
die Linien in der Stellung geöffnet werden. Besser wäre 24.Bg3 gewesen.} (24.
Bg3 $1 $13) 24... b4 {Schwarz verschiebt seinen Angriffsziel von c3 auf a2.} (
24... Bxc3 25. Nxc3 Rxc3 26. Qb2 b4 27. dxe6 Bxe6 28. Be5 $132) 25. cxb4 axb4
26. Qe3 (26. dxe6 Bxe6 27. Qb1 Qa4 $36) 26... Rc2 $1 {Hier kam die Zeitnot
näher und beide Gegner begannen, viele taktische Fehler zu machen.
Glücklicherweise machte mein Gegner den letzten!} 27. Qb3 $2 (27. Rxc2 Rxc2 28.
Nc1 exd5 29. exd5 (29. Rxd5 Bxh3 $1 30. gxh3 Qf1+ $19) 29... Qc4 $15) 27... Ba4
(27... Rxd2 $1 {führte am einfachsten zum Ziel.} 28. Rxd2 Bc3 29. Nxc3 (29. Rc2
Ba4 $19) (29. dxe6 Bxe6 $19) 29... bxc3 30. Rd1 exd5 (30... Ba4 31. Qa3 c2 32.
Rc1 exd5 33. exd5 Qc4 $15) 31. exd5 Qe2 $17) 28. Qxb4 R2c4 $4 {Das war ein
Blunder. Ich dachte ich gewinne die Qualität - in Wirklichkeit habe ich gerade
einen Bauern und fast schon die Partie angestellt.} (28... exd5 29. exd5 Re8 $1
{und Schwarz gewinnt ebenfalls} 30. Nd4 Rc4 31. Qb1 Bxd1 32. Qxd1 Bxd4 33. Rxd4
Rxd4 34. Qxd4 Qf1+ 35. Bg1 Re2 36. Qg4 Rxa2 $19) 29. Qa3 $1 exd5 30. exd5 $4 {
Ein Gegengeschenk. Nach 30.Rxd5 steht Schwarz fast verloren da.} (30. Rxd5 $1
Rc2 (30... Bf8 $2 31. Rd8 $18) 31. R1d2 Bb5 32. Qxa6 Bxa6 33. Ng3 Rc1+ 34. Rd1
Rxd1+ 35. Rxd1 Ra8 36. Nf5 $16 {Das Endspiel ist sehr schwer zu halten - Weiß
behält den Springer auf f5, tauscht ihn nicht gegen den Läufer g7, und baut
Druck gegen die schwarzen Bauern auf.}) 30... Bc3 $1 31. d6 (31. Nxc3 Rxc3 32.
Qe7 Bxd1 33. Rxd1 Rd3 34. Rxd3 Rc1+ 35. Bg1 Qxd3 $17) (31. Rd3 Bb4 32. Qb2 Bxd1
33. Rxd1 Rc2 34. Qxb4 Qxe2 35. Rg1 Rxa2 $17) 31... Bxd2 32. Rxd2 (32. d7 Rd8
33. Rxd2 Qe6 $17) 32... Rc2 $1 33. d7 (33. Rxc2 Rxc2 34. Ng3 Qc4 $17) (33. Rxc2
Rxc2 34. d7 Qxe2 $1 35. d8=Q+ Be8 $1 $19) 33... Rxd2 34. Qxa4 (34. dxc8=Q+ Qxc8
35. Qxa4 Rxe2 $19) 34... Rc1+ $1 0-1

[Event "Gibraltar Masters 10th"]
[Site "Caleta"]
[Date "2012.01.24"]
[Round "1"]
[White "Gustafsson, Jan"]
[Black "Wantiez, Fabrice"]
[Result "1-0"]
[WhiteElo "2643"]
[BlackElo "2366"]
[Annotator "Let's Check"]
[PlyCount "57"]
[EventDate "2012.01.24"]
[EventType "swiss"]
[EventRounds "10"]
[EventCountry "GGB"]
[SourceTitle "CBM 147"]
[Source "ChessBase"]
[SourceDate "2012.03.16"]
[SourceVersion "1"]
[SourceVersionDate "2012.03.16"]
[SourceQuality "1"]

1. d4 Nf6 2. c4 g6 3. Nc3 d5 4. Bf4 Bg7 5. e3 O-O 6. Nf3 c5 7. dxc5 Qa5 8. Rc1
dxc4 9. Bxc4 Qxc5 10. Bb3 Nc6 11. O-O Qa5 12. h3 Qa6 13. e4 Rd8 14. Qc2 Na5 15.
Ba4 Bd7 16. Rfd1 Rac8 17. e5 Bxa4 $2 (17... Bf5 18. Bb5 $16) 18. Qxa4 Ne8 19.
Rxd8 Rxd8 20. Nd5 $5 Qe6 21. Nxe7+ $6 (21. Nc7 Nxc7 22. Qxa5 $18) 21... Qxe7
$16 22. Qxa5 b6 23. Qa4 h6 24. Nd4 Qh4 $6 (24... Rd7 25. Nc6 Qe6 $16) 25. Nc6
$18 b5 26. Qe4 Rd7 27. e6 fxe6 28. Qxe6+ Kh7 29. g3 1-0